Statistiken für Unter-Quiz

Klicken Sie hier um das Quiz zu spielen!

Allgemein

  • Dieses Quiz wurde 322 mal gespielt
  • Das Durchschnittsergebnis liegt bei 13 aus 18

Antwortstatistiken

DefinitionWort% Korrekt
genau betrachten, eingehend erforschen (z. B. ärztlich oder polizeilich)unter{suchen}
97%
bespaßen, für Vergnügen sorgenunter{halten}
94%
seinen Namen unter ein Dokument setzenunter{schreiben}
90%
einen Sachverhalt mitteilen; lehren, beibringenunter{richten}
88%
gegen jemanden verlierenunter{liegen}
85%
etwas nicht tununter{lassen}
84%
etwas vorübergehend ruhen lassen; bewirken, dass jemand beim Sprechen innehältunter{brechen}
82%
passende Musik hinzufügen (z. B. bei Filmen)unter{malen}
77%
Hilfe leistenunter{stützen}
73%
erobern, Untertan machenunter{werfen}
71%
Differenzen erkennenunter{scheiden}
68%
behaupten, dass jemand etwas gesagt oder getan hatunter{stellen}
68%
jemandem etwas zukommen lassen, das er gar nicht haben möchteunter{jubeln}
62%
jemandem eine Bleibe besorgenunter{bringen}
60%
sich rechtswidrig etwas aneignen (z. B. Gelder)unter{schlagen}
60%
versuchen, etwas nicht zum Vorschein kommen zu lassenunter{drücken}
53%
sich die angewinkelten Arme reichenunter{haken}
36%
in Absätze oder Stichpunkte aufteilenunter{gliedern}
34%

Verteilung der Resultate

Perzentil nach korrekt beantworteten Fragen

Anzahl Personen mit jedem Resultat

Ihre Resultats-Entwicklung

Sie haben dieses Quiz noch nicht gespielt